The History of Armenia With Flags - Statistics

General Stats
  • This quiz has been taken 31 times
  • The average score is 4 of 8
Answer Stats
Picture Hint Answer % Correct
1918 - now Republic of Armenia
96%
1920 - 1991 Armenian Soviet Socialist Republic
65%
321 B.C. - 53 Kingdom of Armenia
52%
53 - 428 Kingdom of Armenia
52%
885 - 1045 Kingdom of Armenia
52%
1198 - 1225 Kingdom of Cilicia
43%
1225 - 1340 Kingdom of Cilicia
43%
1340 - 1375 Kingdom of Cilicia
43%
No matching quizzes found
Score Distribution
Percent of People with Each Score
Percentile by Number Answered
Your Score History
You have not taken this quiz